| 000 | 00823nam a22002777a 4500 | ||
|---|---|---|---|
| 003 | CHAP | ||
| 005 | 20220329135821.0 | ||
| 008 | 971013s1944 r 00010 d | ||
| 010 | _a42755 | ||
| 011 | _a43727 | ||
| 035 | _a47864 | ||
| 040 | _cCHAP | ||
| 082 |
_a338.47678 _bE8 |
||
| 110 |
_aE.U.A. Tariff Commission _934966 |
||
| 245 | _aRubber | ||
| 260 |
_aWashington : _bThe Commission, _c1944 |
||
| 300 |
_a102 p. _b: ilus. |
||
| 490 |
_aWar changes in industry series. Report _v; 6 |
||
| 590 |
_aBATCH-UPD _b10 _c20130110 _lUCH01 _h2125 |
||
| 590 |
_aCONVERSION _b10 _c20130109 _lUCH01 _h1324 |
||
| 650 | 1 | 4 |
_aCaucho _xIndustria _xE.U.A. _920552 |
| 830 | 0 |
_aWar changes in industry series. Report _v; 6 _9121028 |
|
| 901 | _aBK | ||
| 942 | _cLIBRO | ||
| 949 |
_a338.47678 E8 _bBC _cLIBRO _d-108667 _eLIBRO _h6097 _i47864 _si |
||
| 999 |
_c42755 _d42755 |
||